[Event "28th European Club Cup"]
[Site "Eilat ISR"]
[Date "2012.10.14"]
[Round "4.6"]
[White "Avrukh, Boris"]
[Black "Bogut, Zeljko"]
[Result "1-0"]
[WhiteTitle "GM"]
[BlackTitle "IM"]
[WhiteElo "2585"]
[BlackElo "2441"]
[WhiteTeam "Ashdod"]
[BlackTeam "Siroki Brijeg"]
[WhiteFideId "2803895"]
[BlackFideId "14505207"]
[EventDate "2012.10.11"]
[EventType "team-swiss"]

1. d4 Nf6 2. c4 c5 3. d5 e6 4. g3 exd5 5. cxd5 d6 6. Nc3 g6 7. Bg2 Bg7 8. Nf3
O-O 9. O-O Re8 10. Bf4 a6 11. a4 h6 12. Qc1 Kh7 13. Nd2 g5 14. Be3 Nbd7 15. Nc4
Nb6 16. Nxb6 Qxb6 17. Qc2+ Kg8 18. Bd2 Bd7 19. h3 Qd8 20. a5 Rb8 21. e4 b5 22.
axb6 Qxb6 23. Rfb1 Bb5 24. Nd1 Nd7 25. Ne3 Ne5 26. Ra3 Be2 27. Nf5 c4 28. Be3
Bd3 29. Qd2 Qd8 30. Nxg7 Kxg7 31. Re1 Qf6 32. f4 gxf4 33. gxf4 Ng6 34. Rxa6 Nh4
35. Qf2 Rxe4 36. Bxe4 Bxe4 37. Bd4 Nf3+ 38. Qxf3 Qxd4+ 39. Qe3 Qxe3+ 40. Rxe3
Bd3 41. Rxd6 Rxb2 42. Rc6 Rb5 43. d6 Rd5 44. Re5 Rd4 45. Kf2 f6 46. Ra5 Kg6 47.
Ke3 Re4+ 48. Kd2 Re2+ 49. Kc3 Rc2+ 50. Kb4 Rb2+ 51. Kc5 Bf5 52. Kxc4 Rc2+ 53.
Kd5 Rd2+ 54. Kc5 Bxh3 55. Rc7 h5 56. Ra4 Rc2+ 57. Rc4 Rd2 58. Rd4 Rc2+ 59. Kb4
Rb2+ 60. Kc3 Rb8 61. Kc4 Be6+ 62. Kc5 h4 63. f5+ Bxf5 64. Rxh4 Rd8 65. Kc6 Kg5
66. Rd4 Be6 67. Re7 Bh3 68. d7 Rh8 69. Kc7 Bxd7 70. Kxd7 f5 71. Ke6 1-0

[Event "28th European Club Cup"]
[Site "Eilat ISR"]
[Date "2012.10.14"]
[Round "4.6"]
[White "Dimitrijevic, Aleksandra"]
[Black "Kogan, Artur"]
[Result "1/2-1/2"]
[WhiteTitle "WFM"]
[BlackTitle "GM"]
[WhiteElo "2270"]
[BlackElo "2583"]
[WhiteTeam "Siroki Brijeg"]
[BlackTeam "Ashdod"]
[WhiteFideId "929239"]
[BlackFideId "2800802"]
[EventDate "2012.10.11"]
[EventType "team-swiss"]

1. g3 d5 2. Bg2 c6 3. d3 Nf6 4. Nd2 a5 5. b3 a4 6. b4 e5 7. a3 Bg4 8. Bb2 Nbd7
9. h3 Bh5 10. g4 Bg6 11. e4 dxe4 12. dxe4 c5 13. Ne2 cxb4 14. axb4 Bxb4 15. c3
Be7 16. O-O Nc5 17. Ng3 O-O 18. Ba3 Qd3 19. Nf3 Qxc3 20. Qe2 Nfd7 21. Rfc1 Qa5
22. Nf5 Bxf5 23. exf5 Rfe8 24. Nd2 e4 25. Rd1 Bf8 26. Rab1 Qa6 27. Qb5 Qxb5 28.
Rxb5 Rac8 29. h4 b6 30. g5 Rc7 31. Nc4 Nd3 32. Nd6 Bxd6 33. Bxd6 Rc3 34. Ra1 Rc4
35. Bh3 e3 36. fxe3 Rxe3 37. Bg2 Rxh4 38. Rd5 Rg4 39. Bc7 Re2 40. Rxd3 Rgxg2+
41. Kh1 Rxg5 42. Rxd7 h5 43. f6 Re4 44. Rf1 Rh4+ 45. Bh2 b5 46. Rd8+ Kh7 47. Rf8
gxf6 48. Rxf7+ Rg7 49. R7xf6 b4 50. Ra6 b3 51. Rff6 Rd7 52. Rh6+ Kg7 53. Rhb6
Kf7 54. Kg1 Rd1+ 55. Kg2 Rd2+ 56. Kg3 Re4 57. Kf3 Re7 58. Bd6 Re6 59. Ba3 Rxb6
60. Rxb6 Ra2 61. Bc1 Ke7 62. Ke4 Kd7 63. Kd5 Ra1 64. Bf4 Rd1+ 65. Kc4 h4 66. Kc3
Rf1 67. Be5 h3 68. Rh6 Rf5 69. Bd4 Rf3+ 70. Kb2 Rf4 71. Be5 Re4 72. Bc3 Re2+ 73.
Ka3 Ra2+ 74. Kb4 h2 75. Be5 Re2 76. Kxa4 b2 77. Bxb2 Rxb2 78. Ka3 Rg2 79. Kb3
Ke7 80. Kc3 Kf7 81. Kd3 Kg7 82. Rh5 Kg6 83. Rh8 Kf5 84. Ke3 Ra2 85. Kf3 Ra3+ 86.
Kg2 Kg4 87. Rg8+ Kf4 88. Kxh2 1/2-1/2

[Event "28th European Club Cup"]
[Site "Eilat ISR"]
[Date "2012.10.14"]
[Round "4.7"]
[White "Agrest, Evgenij"]
[Black "Van Wely, Loek"]
[Result "0-1"]
[WhiteTitle "GM"]
[BlackTitle "GM"]
[WhiteElo "2614"]
[BlackElo "2688"]
[WhiteTeam "Team Viking"]
[BlackTeam "Gros Xake Taldea"]
[WhiteFideId "1705024"]
[BlackFideId "1000268"]
[EventDate "2012.10.11"]
[EventType "team-swiss"]

1. Nf3 d5 2. c4 e6 3. g3 Nf6 4. Bg2 Be7 5. O-O O-O 6. b3 b6 7. Bb2 Bb7 8. e3 c5
9. Nc3 dxc4 10. bxc4 Nc6 11. d3 Qc7 12. Qe2 Rfd8 13. Ne1 a6 14. f4 Rab8 15. g4
Ba8 16. g5 Ne8 17. Ne4 b5 18. Rc1 bxc4 19. dxc4 Nd6 20. Nxd6 Bxd6 21. Nd3 Nb4
22. Nxb4 cxb4 23. Bxa8 Rxa8 24. Qf3 Bc5 25. Qe4 Qa7 26. Rce1 Rd2 27. Rf2 Rad8
28. Qe5 Bf8 29. Qe4 a5 30. Ree2 Rd1+ 31. Rf1 R1d3 32. Rf3 Qa8 33. Qxa8 Rxa8 34.
Bd4 Rc8 35. f5 Bd6 36. fxe6 fxe6 37. Ref2 e5 38. Bb6 Rxc4 39. Bxa5 Rg4+ 40. Kf1
Rxg5 41. Rc2 h6 42. Bd8 Rg4 43. h3 Rg6 44. Ke2 e4 45. Rf5 Rg3 46. Bb6 Rxh3 47.
Bd4 Bg3 48. Rc8+ Kh7 49. Kf1 Rh2 50. Kg1 Rxa2 0-1

[Event "28th European Club Cup"]
[Site "Eilat ISR"]
[Date "2012.10.14"]
[Round "4.7"]
[White "Bauer, Christian"]
[Black "Volodin, Aleksandr"]
[Result "1/2-1/2"]
[WhiteTitle "GM"]
[BlackTitle "GM"]
[WhiteElo "2664"]
[BlackElo "2509"]
[WhiteTeam "Gros Xake Taldea"]
[BlackTeam "Team Viking"]
[WhiteFideId "603767"]
[BlackFideId "4501950"]
[EventDate "2012.10.11"]
[EventType "team-swiss"]

1. d4 Nf6 2. Nf3 c5 3. d5 d6 4. Nc3 g6 5. e4 Bg7 6. Bb5+ Nbd7 7. a4 O-O 8. O-O
a6 9. Be2 Re8 10. h3 Nf8 11. Bf4 b6 12. e5 dxe5 13. Nxe5 Bb7 14. Bf3 N6d7 15.
Nc4 b5 16. axb5 Bxc3 17. bxc3 axb5 18. Na3 Ra4 19. c4 bxc4 20. Nb5 Rxa1 21. Qxa1
e5 22. Bh6 Qb6 23. Rb1 Ra8 24. Qb2 Ra4 25. Bd2 Ba6 26. Nc3 Rb4 27. Qa1 Rxb1+ 28.
Nxb1 Nf6 29. Ba5 Qb8 30. Nc3 Bb7 31. Qa4 Qa8 32. Qb5 Nxd5 33. Ne4 Ne6 34. Kh2
Bc6 35. Nf6+ Kg7 36. Bxd5 Bxb5 37. Nh5+ gxh5 38. Bxa8 f5 39. c3 Nf4 40. g3 Nd3
41. Kg1 Be8 42. h4 Bf7 43. Bb7 Be6 44. Kf1 Kf7 45. Bf3 Kg6 46. Bc7 Bf7 47. Bd8
Nb2 48. Ke1 Be8 49. Be2 f4 50. gxf4 exf4 51. Be7 Bc6 52. Kd2 f3 53. Bf1 Be4 54.
Bxc5 Bd3 55. Ba3 Bxf1 1/2-1/2

[Event "28th European Club Cup"]
[Site "Eilat ISR"]
[Date "2012.10.14"]
[Round "4.7"]
[White "Franco Alonso, Alejandro"]
[Black "Cramling, Dan"]
[Result "1/2-1/2"]
[WhiteTitle "IM"]
[BlackTitle "IM"]
[WhiteElo "2479"]
[BlackElo "2360"]
[WhiteTeam "Gros Xake Taldea"]
[BlackTeam "Team Viking"]
[WhiteFideId "2214067"]
[BlackFideId "1700162"]
[EventDate "2012.10.11"]
[EventType "team-swiss"]

1. Nf3 g6 2. c4 Bg7 3. d4 d6 4. Nc3 Bg4 5. e3 c5 6. d5 Bxc3+ 7. bxc3 Qa5 8. Qb3
Nd7 9. e4 Bxf3 10. gxf3 Ngf6 11. Bh6 O-O-O 12. Rb1 Nb6 13. Be2 Rhe8 14. Qc2 Nh5
15. Rb5 Qa4 16. Qb3 Qa6 17. Kd2 Na8 18. Rb1 b6 19. Qb2 e5 20. Rb3 Nc7 21. Ra3
Qb7 22. Bd1 Rg8 23. Be3 f5 24. Bg5 Rdf8 25. Be7 Rf7 26. Bxd6 fxe4 27. Ke1 Nf4
28. Bc2 Nd3+ 29. Bxd3 exd3 30. Bxc5 Nxd5 31. cxd5 Qxd5 32. Be3 Qxf3 33. Rd1 d2+
34. Rxd2 Qh1+ 35. Ke2 Qf3+ 36. Ke1 Qh1+ 37. Ke2 Qf3+ 38. Kd3 Qf5+ 39. Kc4 Qe6+
40. Kd3 Qf5+ 41. Kc4 Qe6+ 42. Kb4 a5+ 43. Kb5 Kb7 44. Bxb6 Qxb6+ 45. Kc4 Rf4+
46. Kd5 Rd8+ 47. Kxe5 Rf5+ 48. Ke4 Rxd2 49. Qxd2 Qe6+ 1/2-1/2

[Event "28th European Club Cup"]
[Site "Eilat ISR"]
[Date "2012.10.14"]
[Round "4.7"]
[White "Sagit, Rauan"]
[Black "Gonzalez De La Torre, Santiago"]
[Result "0-1"]
[WhiteTitle "FM"]
[BlackTitle "IM"]
[WhiteElo "2356"]
[BlackElo "2442"]
[WhiteTeam "Team Viking"]
[BlackTeam "Gros Xake Taldea"]
[WhiteFideId "1708376"]
[BlackFideId "2221667"]
[EventDate "2012.10.11"]
[EventType "team-swiss"]

1. e4 c5 2. Nc3 g6 3. d4 Bg7 4. dxc5 Bxc3+ 5. bxc3 Qa5 6. Qd4 Nf6 7. Qb4 Qc7 8.
Nf3 Nc6 9. Qc4 b6 10. Ba3 bxc5 11. Bxc5 Na5 12. Qd4 d6 13. Bb4 O-O 14. e5 Nc6
15. exd6 Nxd4 16. dxc7 Nxc2+ 17. Kd2 Nxa1 18. Bd3 Re8 19. Rxa1 a5 20. Bc5 Bb7
21. Re1 Rec8 22. Bxe7 Nd5 23. Bd6 Nxc7 24. c4 Ne6 25. Rb1 Ra7 26. Kc3 Bc6 27.
Nd4 Bxg2 28. Nxe6 fxe6 29. Rg1 Rd7 30. Be5 Bh3 31. f4 Bf5 32. Bxf5 exf5 33. Rb1
Kf7 34. Rb5 Rd1 35. Rb7+ Ke6 36. Rb6+ Kd7 37. Rb7+ Ke6 38. Rb6+ Kf7 39. Rb7+ Ke8
40. Rxh7 Rc1+ 41. Kd4 Rd1+ 42. Kc3 Rc1+ 43. Kd4 R8xc4+ 44. Kd5 Rc5+ 45. Ke6 Rc6+
46. Kd5 R1c5+ 47. Kd4 Rc2 48. Kd5 Rb6 49. a3 Rd2+ 50. Kc4 Rb1 51. Ra7 Rc2+ 52.
Kd3 Ra2 53. Rxa5 Rb3+ 54. Kc4 Rbxa3 55. Rb5 Rxh2 56. Rb6 Kd7 57. Rd6+ Ke7 58.
Rxg6 Ra4+ 59. Kb5 Ra3 60. Rf6 Rc2 61. Kb4 Ra7 62. Rb6 Kd7 63. Kb3 Rc6 64. Rb5
Ke7 65. Bd4 Rd7 66. Bb2 Rd3+ 67. Ka2 Rf3 68. Ba3+ Kf6 69. Bb2+ Kg6 70. Rb4 Kh5
71. Kb1 Kg4 72. Be5 Rf2 73. Rb7 Rxf4 74. Rg7+ Kf3 75. Bxf4 Kxf4 76. Rg1 Ke3 77.
Rg8 f4 78. Re8+ Kf2 79. Kb2 f3 80. Kb3 Kf1 81. Rf8 f2 0-1

[Event "28th European Club Cup"]
[Site "Eilat ISR"]
[Date "2012.10.14"]
[Round "4.7"]
[White "Argandona Riveiro, Inigo"]
[Black "Pettersson, Anders1"]
[Result "1-0"]
[WhiteTitle "IM"]
[WhiteElo "2402"]
[BlackElo "2274"]
[WhiteTeam "Gros Xake Taldea"]
[BlackTeam "Team Viking"]
[WhiteFideId "2212072"]
[BlackFideId "1709771"]
[EventDate "2012.10.11"]
[EventType "team-swiss"]

1. e4 c5 2. Nf3 g6 3. d4 cxd4 4. Nxd4 Nc6 5. c4 Nf6 6. Nc3 d6 7. Be2 Nxd4 8.
Qxd4 Bg7 9. Bg5 O-O 10. Qd2 Be6 11. Rc1 Qa5 12. f3 Rfc8 13. b3 a6 14. Na4 Qxd2+
15. Kxd2 Nd7 16. g4 f6 17. Be3 f5 18. gxf5 gxf5 19. Rhg1 Kh8 20. Bd3 Rf8 21. f4
b5 22. cxb5 fxe4 23. Bxe4 d5 24. f5 axb5 25. fxe6 Nf6 26. Nb6 Nxe4+ 27. Kd3 Rxa2
28. Nd7 Rg8 29. Rxg7 Kxg7 30. Rg1+ Kh8 31. Bd4+ Nf6 32. Nxf6 Rxg1 33. Nxd5+ Rg7
34. Nxe7 Rf2 35. Nf5 Kg8 36. Nxg7 1-0

[Event "28th European Club Cup"]
[Site "Eilat ISR"]
[Date "2012.10.14"]
[Round "4.8"]
[White "Raznikov, Danny"]
[Black "Edouard, Romain"]
[Result "0-1"]
[WhiteTitle "IM"]
[BlackTitle "GM"]
[WhiteElo "2465"]
[BlackElo "2664"]
[WhiteTeam "Hapoel Kfar Saba"]
[BlackTeam "Club d'Echecs Genève"]
[WhiteFideId "2811154"]
[BlackFideId "633429"]
[EventDate "2012.10.11"]
[EventType "team-swiss"]

1. d4 Nf6 2. Nf3 e6 3. c4 c5 4. d5 b5 5. dxe6 fxe6 6. cxb5 a6 7. bxa6 Bxa6 8. g3
Nc6 9. Nc3 Be7 10. Bg2 O-O 11. O-O d5 12. Ng5 Qd7 13. Bh3 Nd8 14. Qc2 h6 15. Nf3
Bd6 16. b3 Qf7 17. Bg2 Nc6 18. Bb2 Rac8 19. Na4 e5 20. Nh4 Nd4 21. Bxd4 cxd4 22.
Qb2 Bb4 23. Nf3 Qe7 24. a3 Bc3 25. Nxc3 dxc3 26. Qc2 d4 27. b4 Rfd8 28. Rfd1 Qe6
29. Rab1 Bb5 30. Ne1 e4 31. a4 Be8 32. b5 Bg6 33. b6 e3 34. Qxg6 exf2+ 35. Kh1
fxe1=Q+ 36. Rxe1 c2 37. Rbc1 d3 38. exd3 Qxe1+ 39. Rxe1 c1=Q 40. Rxc1 Rxc1+ 41.
Bf1 Rxf1+ 42. Kg2 Rb1 43. a5 Rd5 44. d4 Rb2+ 0-1

[Event "28th European Club Cup"]
[Site "Eilat ISR"]
[Date "2012.10.14"]
[Round "4.8"]
[White "Vuilleumier, Alexandre"]
[Black "Boruchovsky, Avital"]
[Result "0-1"]
[WhiteTitle "IM"]
[BlackTitle "IM"]
[WhiteElo "2326"]
[BlackElo "2435"]
[WhiteTeam "Club d'Echecs Genève"]
[BlackTeam "Hapoel Kfar Saba"]
[WhiteFideId "1305662"]
[BlackFideId "2800055"]
[EventDate "2012.10.11"]
[EventType "team-swiss"]

1. d4 Nf6 2. Nf3 e6 3. c4 c5 4. Nc3 cxd4 5. Nxd4 d5 6. Bg5 Be7 7. cxd5 Nxd5 8.
Bxe7 Nxe7 9. Ndb5 Nd7 10. Nd6+ Kf8 11. g3 Nf6 12. Bg2 Ned5 13. Nxd5 exd5 14. Nb5
Qb6 15. a4 a6 16. Nd4 Qb4+ 17. Qd2 Qxd2+ 18. Kxd2 Ke7 19. Rhc1 Bd7 20. Rc7 Rab8
21. Rac1 Kd6 22. a5 g6 23. h3 Rhe8 24. e3 h6 25. g4 Re7 26. f3 Ne8 27. R7c3 Be6
28. Rb3 Rc7 29. Rb6+ Kd7 30. Rxc7+ Nxc7 31. f4 Na8 32. Rb3 Kd6 33. Bf1 Kc7 34.
Nxe6+ fxe6 35. Kc3 b5 36. axb6+ Nxb6 37. Kd4 a5 38. Bd3 g5 39. Rb5 a4 40. Bc2
Rf8 41. Ke5 Kc6 42. Rb4 Kc5 43. Rxb6 Kxb6 44. Bxa4 d4 45. exd4 gxf4 46. Bc2 f3
47. Bd3 f2 48. Kxe6 f1=Q 49. Bxf1 Rxf1 50. h4 Rf4 51. g5 Rxh4 52. g6 Rxd4 53.
Kf5 Rd5+ 0-1

[Event "28th European Club Cup"]
[Site "Eilat ISR"]
[Date "2012.10.14"]
[Round "4.8"]
[White "Givon, Asaf"]
[Black "Gerber, Richard"]
[Result "1-0"]
[WhiteTitle "FM"]
[BlackTitle "IM"]
[WhiteElo "2405"]
[BlackElo "2421"]
[WhiteTeam "Hapoel Kfar Saba"]
[BlackTeam "Club d'Echecs Genève"]
[WhiteFideId "2801841"]
[BlackFideId "1300652"]
[EventDate "2012.10.11"]
[EventType "team-swiss"]

1. e4 c5 2. c3 d6 3. d4 Nf6 4. Bd3 Qc7 5. h3 Nc6 6. Nf3 g6 7. O-O Bg7 8. Be3 b6
9. Nbd2 O-O 10. a3 e6 11. b4 Ne7 12. Rc1 Bb7 13. Bf4 Nh5 14. Bh2 e5 15. Re1 Rac8
16. Bf1 Nf4 17. dxe5 dxe5 18. b5 Rcd8 19. Qc2 Bc8 20. Nc4 Be6 21. Rcd1 h6 22. a4
f6 23. Rxd8 Rxd8 24. Rd1 Nc8 25. Ne3 Rxd1 26. Qxd1 Nd6 27. Nd2 Qf7 28. Qa1 h5
29. a5 c4 30. axb6 axb6 31. Qa8+ Bf8 32. Qc6 Bd7 33. Qxb6 Bxb5 34. Bxf4 exf4 35.
Nd5 g5 36. Qd4 Bg7 37. Nxf4 Ne8 38. Nxh5 Bh8 39. Bxc4 Bxc4 40. Qxc4 Nd6 41.
Qxf7+ Kxf7 42. Ng3 Bg7 43. Nf5 1-0

[Event "28th European Club Cup"]
[Site "Eilat ISR"]
[Date "2012.10.14"]
[Round "4.8"]
[White "Duport, Nicolas"]
[Black "Galburd, Yan"]
[Result "1/2-1/2"]
[WhiteElo "2199"]
[BlackElo "2331"]
[WhiteTeam "Club d'Echecs Genève"]
[BlackTeam "Hapoel Kfar Saba"]
[WhiteFideId "1314424"]
[BlackFideId "2808528"]
[EventDate "2012.10.11"]
[EventType "team-swiss"]

1. e4 c5 2. Nf3 g6 3. d4 cxd4 4. Qxd4 Nf6 5. e5 Nc6 6. Qa4 Nd5 7. Qe4 Nb6 8. Nc3
Bg7 9. Bf4 d5 10. exd6 O-O 11. O-O-O Bxc3 12. dxe7 Qxe7 13. Qxe7 Bxb2+ 14. Kxb2
Nxe7 15. Bh6 Re8 16. Bb5 Nc6 17. Rhe1 Be6 18. Ng5 Bd5 19. f3 a6 20. Bf1 Na4+ 21.
Ka3 Nc3 22. Rxe8+ Rxe8 23. Rd3 Nb5+ 24. Kb2 Bc4 25. Rd7 Bxf1 26. Rxf7 Nd6 27.
Rg7+ Kh8 28. Rxh7+ Kg8 29. Rg7+ Kh8 30. Rh7+ Kg8 31. Rg7+ Kh8 32. Rh7+ Kg8 1/2-1/2

[Event "28th European Club Cup"]
[Site "Eilat ISR"]
[Date "2012.10.14"]
[Round "4.8"]
[White "Ben Artzi, Ido"]
[Black "Preissmann, Emmanuel"]
[Result "1-0"]
[BlackTitle "FM"]
[WhiteElo "2286"]
[BlackElo "2222"]
[WhiteTeam "Hapoel Kfar Saba"]
[BlackTeam "Club d'Echecs Genève"]
[WhiteFideId "2810913"]
[BlackFideId "1300342"]
[EventDate "2012.10.11"]
[EventType "team-swiss"]

1. d4 d5 2. c4 e6 3. Nc3 c6 4. e3 Nf6 5. Bd3 dxc4 6. Bxc4 b5 7. Bd3 Bb7 8. Nf3
a6 9. a4 b4 10. Ne4 Nbd7 11. O-O c5 12. Ned2 cxd4 13. exd4 Be7 14. Qe2 O-O 15.
Nc4 Re8 16. Bf4 Nf8 17. Nfe5 Ng6 18. Bg3 Bf8 19. Rfd1 Nd5 20. Qh5 Nf6 21. Qe2
Nd5 22. Qf3 Qf6 23. Qh5 Ndf4 24. Bxf4 Qxf4 25. Nxf7 Be7 26. Nfe5 Nf8 27. Nb6
Rad8 28. g3 Qg5 29. Bxh7+ Nxh7 30. Qf7+ Kh8 31. Ng6+ Qxg6 32. Qxg6 Ng5 33. d5
Rf8 34. Qh5+ Kg8 35. a5 Nf3+ 36. Kf1 Rf5 37. Qg6 Rf6 38. Qc2 Rdf8 39. Qc7 Nxh2+
40. Kg1 Rxf2 41. Qxe7 Re2 42. Rf1 Nf3+ 43. Rxf3 Rxf3 44. Qxb7 Rxg3+ 45. Kf1 Rgg2
46. Qb8+ Kh7 47. Qf4 1-0

[Event "28th European Club Cup"]
[Site "Eilat ISR"]
[Date "2012.10.14"]
[Round "4.8"]
[White "Kovacevic, Vladimir"]
[Black "Mindlin, Alon"]
[Result "0-1"]
[WhiteElo "2210"]
[BlackElo "2237"]
[WhiteTeam "Club d'Echecs Genève"]
[BlackTeam "Hapoel Kfar Saba"]
[WhiteFideId "906662"]
[BlackFideId "2800071"]
[EventDate "2012.10.11"]
[EventType "team-swiss"]

1. d4 d5 2. Nf3 e6 3. g3 c5 4. c3 Nc6 5. Bg2 Nf6 6. O-O Bd6 7. dxc5 Bxc5 8. b4
Bd6 9. Bb2 O-O 10. a3 e5 11. e3 e4 12. Ne1 Bg4 13. f3 exf3 14. Bxf3 Ne5 15. Bxg4
Nexg4 16. Ng2 Qe7 17. Qe2 Rfe8 18. Nd2 Nxe3 19. Nxe3 Qxe3+ 20. Qxe3 Rxe3 21. c4
Ng4 22. Rfe1 Rd3 23. Re2 Ne3 24. cxd5 Nxd5 25. Rae1 h6 26. Nc4 Bc7 27. Kg2 b5
28. Ne5 Bxe5 29. Rxe5 Rc8 30. R1e2 a6 31. Kf2 Kh7 32. Kg2 Kg6 33. R5e4 h5 34. h3
Nc3 35. R4e3 Rxe3 36. Rxe3 Nd1 37. Re2 Nxb2 38. Rxb2 Rc3 39. Ra2 Rb3 40. Kh2 f5
41. h4 Kf6 42. Kg2 g5 43. Rc2 gxh4 44. gxh4 Rxa3 45. Rc6+ Ke5 46. Rh6 Ra4 47.
Kh3 Kf4 48. Rxh5 Rxb4 49. Rh6 Rb3+ 50. Kh2 a5 51. Ra6 Kg4 52. h5 Rb2+ 53. Kg1
Kxh5 54. Rxa5 Kg4 55. Ra8 b4 56. Kh1 b3 57. Rb8 f4 58. Rb7 Kg3 59. Rg7+ Kf3 60.
Rb7 Kf2 61. Kh2 f3 62. Rb8 Ke1+ 63. Kg3 f2 0-1

[Event "28th European Club Cup"]
[Site "Eilat ISR"]
[Date "2012.10.14"]
[Round "4.9"]
[White "Naiditsch, Arkadij"]
[Black "Bulanov, Dmitri"]
[Result "1-0"]
[WhiteTitle "GM"]
[BlackTitle "FM"]
[WhiteElo "2704"]
[BlackElo "2376"]
[WhiteTeam "OSG Baden-Baden e.V."]
[BlackTeam "Ladia Minsk"]
[WhiteFideId "4650891"]
[BlackFideId "13506382"]
[EventDate "2012.10.11"]
[EventType "team-swiss"]

1. e4 c6 2. d4 d5 3. e5 c5 4. dxc5 Nc6 5. Nf3 Bg4 6. Nbd2 e6 7. h3 Bh5 8. Nb3
Bxf3 9. Qxf3 Nxe5 10. Bb5+ Nd7 11. c4 Nf6 12. Bg5 Be7 13. Bxf6 Bxf6 14. cxd5 O-O
15. dxe6 Nxc5 16. exf7+ Kh8 17. O-O Nxb3 18. Qxb3 Qb6 19. Rae1 a6 20. Bc4 Qxb3
21. Bxb3 Bxb2 22. Re7 Ba3 23. Rxb7 Rab8 24. Rxb8 Rxb8 25. Re1 Rf8 26. f4 g6 27.
Kf2 Kg7 28. g4 a5 29. Re8 Bc1 30. Kf3 a4 31. Bd5 a3 32. g5 Bd2 33. h4 Bc1 34.
Kg4 Bd2 35. f5 gxf5+ 36. Kxf5 h6 37. Re2 Bb4 38. Re4 Bd2 39. g6 Bc3 40. Bc6 Bd2
41. h5 Bc1 42. Be8 1-0

[Event "28th European Club Cup"]
[Site "Eilat ISR"]
[Date "2012.10.14"]
[Round "4.9"]
[White "Kocheev, Aleksandr"]
[Black "Kasimdzhanov, Rustam"]
[Result "0-1"]
[BlackTitle "GM"]
[WhiteElo "2324"]
[BlackElo "2690"]
[WhiteTeam "Ladia Minsk"]
[BlackTeam "OSG Baden-Baden e.V."]
[WhiteFideId "13507842"]
[BlackFideId "14200244"]
[EventDate "2012.10.11"]
[EventType "team-swiss"]

1. e4 c5 2. Nf3 Nc6 3. c3 d5 4. exd5 Qxd5 5. d4 Bf5 6. Be3 Nf6 7. dxc5 Qxd1+ 8.
Kxd1 O-O-O+ 9. Nbd2 Nd5 10. Bc4 e5 11. Bxd5 Rxd5 12. b4 Be7 13. Kc1 Rhd8 14. Kb2
g5 15. h3 h5 16. Nc4 f6 17. Nfd2 Rd3 18. b5 Na5 19. Nxa5 Rxe3 20. fxe3 Rxd2+ 21.
Kb3 Rxg2 22. h4 g4 23. c6 b6 24. Nb7 Rd2 25. a4 Bc2+ 26. Kc4 Be4 27. Kb3 Bxh1
28. Rxh1 g3 29. Rh3 Rg2 30. e4 Rg1 31. Kc4 Bf8 32. a5 Kc7 33. a6 Bh6 34. Kd3 g2
35. Ke2 Re1+ 0-1

[Event "28th European Club Cup"]
[Site "Eilat ISR"]
[Date "2012.10.14"]
[Round "4.9"]
[White "Nielsen, Peter Heine"]
[Black "Harshkou, Mikita"]
[Result "1-0"]
[WhiteTitle "GM"]
[WhiteElo "2662"]
[BlackElo "2233"]
[WhiteTeam "OSG Baden-Baden e.V."]
[BlackTeam "Ladia Minsk"]
[WhiteFideId "1400355"]
[BlackFideId "13504770"]
[EventDate "2012.10.11"]
[EventType "team-swiss"]

1. d4 e6 2. Nf3 f5 3. g3 Nf6 4. Bg2 Be7 5. O-O d6 6. c4 O-O 7. Qc2 Nc6 8. Nc3
Qe8 9. d5 Nb4 10. Qb3 Na6 11. dxe6 Nc5 12. Qc2 Nxe6 13. Qxf5 Nd4 14. Qd3 Nxf3+
15. exf3 Qh5 16. Re1 Re8 17. Nb5 Bf5 18. Qd1 Bf8 19. g4 Nxg4 20. fxg4 Bxg4 21.
Qd5+ Kh8 22. Bd2 Qg6 23. Nxc7 Rxe1+ 24. Rxe1 Rc8 25. Ne6 1-0

[Event "28th European Club Cup"]
[Site "Eilat ISR"]
[Date "2012.10.14"]
[Round "4.9"]
[White "Terzi, Alexei"]
[Black "Nisipeanu, Liviu-Dieter"]
[Result "0-1"]
[BlackTitle "GM"]
[WhiteElo "2115"]
[BlackElo "2661"]
[WhiteTeam "Ladia Minsk"]
[BlackTeam "OSG Baden-Baden e.V."]
[WhiteFideId "13505076"]
[BlackFideId "1202758"]
[EventDate "2012.10.11"]
[EventType "team-swiss"]

1. e4 c6 2. d4 d5 3. Nc3 dxe4 4. Nxe4 Nf6 5. Nxf6+ gxf6 6. Nf3 Nd7 7. g3 Nb6 8.
Bg2 Bg4 9. O-O Qd7 10. c3 h5 11. h4 Bh3 12. Bxh3 Qxh3 13. Ne1 O-O-O 14. Qf3 Nd7
15. Qg2 Qg4 16. Qf3 e5 17. dxe5 Nxe5 18. Qxg4+ hxg4 19. Ng2 Nf3+ 20. Kh1 Bd6 21.
Be3 Kc7 22. Rfd1 Rde8 23. a4 a5 24. b3 f5 25. Rd3 Ne5 26. Rd2 Nf3 27. Rd3 Ne5
28. Rd2 Ng6 29. Rad1 Re6 30. c4 f4 31. c5 Be5 32. gxf4 Bf6 33. Rd7+ Kc8 34. f5
Re7 35. R7d6 Bxh4 36. Kg1 Ne5 37. Nxh4 Rxh4 38. Rd8+ Kc7 39. Bf4 f6 40. Rf8 Rd7
41. Rxd7+ Kxd7 42. Rxf6 Nf3+ 43. Kg2 Rh3 44. Bd6 Nh4+ 45. Kf1 Rf3 46. Rf7+ Ke8
47. Rf8+ Kd7 48. f6 Nf5 49. Be5 Ke6 50. Bc7 Rxb3 51. Bxa5 Ra3 52. Bd8 Rxa4 53.
Re8+ Kf7 54. Re5 Rd4 55. Be7 Rd5 56. Rxd5 cxd5 57. Bd8 Nd4 58. Kg2 Nc6 59. Be7
Nxe7 60. fxe7 d4 0-1

[Event "28th European Club Cup"]
[Site "Eilat ISR"]
[Date "2012.10.14"]
[Round "4.10"]
[White "Harakis, Alexis M"]
[Black "Grachev, Boris"]
[Result "0-1"]
[BlackTitle "GM"]
[WhiteElo "2229"]
[BlackElo "2672"]
[WhiteTeam "Jutes of Kent"]
[BlackTeam "SHSM-64"]
[WhiteFideId "403954"]
[BlackFideId "4129199"]
[EventDate "2012.10.11"]
[EventType "team-swiss"]

1. d4 Nf6 2. e3 g6 3. Bd3 Bg7 4. Nf3 O-O 5. O-O d6 6. Qe2 Nc6 7. Rd1 Qe8 8. Bb5
a6 9. Ba4 b5 10. Bb3 Na5 11. e4 Bb7 12. Nbd2 e5 13. d5 c6 14. c4 Qc8 15. c5 dxc5
16. d6 c4 17. Bc2 c5 18. Nxe5 Nd7 19. Nxd7 Qxd7 20. e5 Nc6 21. Nf3 Rae8 22. Bf4
f6 23. Be4 fxe5 24. Bd5+ Kh8 25. Bg3 Nd4 26. Qe4 Bxd5 27. Qxd5 Ne2+ 28. Kh1 e4
29. Ng1 Nxg3+ 30. hxg3 Re5 31. Qd2 Rh5+ 32. Nh3 Bd4 0-1

[Event "28th European Club Cup"]
[Site "Eilat ISR"]
[Date "2012.10.14"]
[Round "4.10"]
[White "Najer, Evgeniy"]
[Black "Naylor, John"]
[Result "1-0"]
[WhiteTitle "GM"]
[WhiteElo "2664"]
[BlackElo "2144"]
[WhiteTeam "SHSM-64"]
[BlackTeam "Jutes of Kent"]
[WhiteFideId "4118987"]
[BlackFideId "403172"]
[EventDate "2012.10.11"]
[EventType "team-swiss"]

1. d4 Nf6 2. Nf3 g6 3. c4 Bg7 4. Nc3 O-O 5. e4 d6 6. Be2 e5 7. O-O Nc6 8. d5 Ne7
9. b4 Ne8 10. c5 f5 11. Ng5 h6 12. Ne6 Bxe6 13. dxe6 fxe4 14. cxd6 Nxd6 15. b5
Nef5 16. Qd5 Kh7 17. Nxe4 Nxe4 18. Qxe4 Nd6 19. Qd5 e4 20. Rb1 Qe7 21. Bg4 Qh4
22. h3 Qe7 23. Ba3 h5 24. Bd1 Rae8 25. Bb3 Rf5 26. Bxd6 cxd6 27. Qxe4 Qg5 28.
Rbd1 Be5 29. Qxb7+ Re7 30. Qe4 Rc7 31. h4 Qf6 32. g3 Rf3 33. Rd3 Rxd3 34. Qxd3
Rc3 35. Qe4 1-0